Nucleópolis (Record no. 61661)

MARC details
000 -LEADER
campo de control de longitud fija 00809nam a2200217 i 4500
001 - NÚMERO DE CONTROL
campo de control 61661
003 - IDENTIFICADOR DE NÚMERO DE CONTROL
campo de control ES-MaACL
007 - CAMPO FIJO DE DESCRIPCIÓN FÍSICA--INFORMACIÓN GENERAL
campo de control de longitud fija t|
008 - DATOS DE LONGITUD FIJA--INFORMACIÓN GENERAL
campo de control de longitud fija 031113s1982 sp ||||1| spa d
100 1# - ENTRADA PRINCIPAL--NOMBRE DE PERSONA
Nombre de persona Fagnani, Francis.
9 (RLIN) 48624
245 10 - MENCIÓN DEL TÍTULO
Título Nucleópolis
Resto del título : materiales para el análisis de una sociedad nuclear /
Mención de responsabilidad, etc. dirigido por Francis Fagnani y Alexandre Nicolon ; traducido por Juan Vioque Lozano.
260 ## - PUBLICACIÓN, DISTRIBUCIÓN, ETC.
Lugar de publicación, distribución, etc. Madrid :
Nombre del editor, distribuidor, etc. Instituto de Estudios de Administración Local,
Fecha de publicación, distribución, etc. 1982.
300 ## - DESCRIPCIÓN FÍSICA
Extensión 479 p. ;
Dimensiones 21 cm.
490 1# - MENCIÓN DE SERIE
Mención de serie Nuevo urbanismo
700 1# - ENTRADA AGREGADA--NOMBRE PERSONAL
Nombre de persona Nicolon, Alexandre.
9 (RLIN) 85603
700 1# - ENTRADA AGREGADA--NOMBRE PERSONAL
Nombre de persona Vioque Lozano, Juan.
9 (RLIN) 115421
710 2# - ENTRADA AGREGADA--NOMBRE DE ENTIDAD CORPORATIVA
Nombre de entidad corporativa o nombre de jurisdicción como elemento de entrada Instituto de Estudios de Administración Local (España)
9 (RLIN) 4893
830 0# - PUNTO DE ACCESO ADICIONAL DE SERIE-TÍTULO UNIFORME
Título uniforme Nuevo urbanismo
9 (RLIN) 181984
852 ## - LOCALIZACIÓN
Ubicación ES-MaACL
Número de control de estantería L-3425
Sublocalización o colección R.104191
Holdings
Estatus retirado Estado de pérdida Estado de daño No para préstamo Biblioteca de origen Biblioteca actual Ubicación en estantería Fecha de adquisición Fuente de adquisición Total de préstamos Signatura topográfica completa Código de barras Visto por última vez Precio de reemplazo Tipo de ítem Koha
        Biblioteca del Ateneo de Madrid Biblioteca del Ateneo de Madrid Depósito 2 17/01/2008     L-3425 1064654 23/02/2023 23/02/2023 Libro impreso